Tadrees Lughat-ul-Quran / (Record no. 187715)

000 -LEADER
fixed length control field 00403 a2200157 4500
003 - CONTROL NUMBER IDENTIFIER
control field Nust
005 - DATE AND TIME OF LATEST TRANSACTION
control field 20260116121158.0
040 ## - CATALOGING SOURCE
Transcribing agency Nust
082 ## - DEWEY DECIMAL CLASSIFICATION NUMBER
Classification number 297.1227,ALL
100 ## - MAIN ENTRY--PERSONAL NAME
Personal name Alvi,Abu Masood Hasan
9 (RLIN) 132763
245 ## - TITLE STATEMENT
Title Tadrees Lughat-ul-Quran /
Statement of responsibility, etc. Abu Masood Hasan Alvi
260 ## - PUBLICATION, DISTRIBUTION, ETC.
Place of publication, distribution, etc. Rawalpindi
Name of publisher, distributor, etc. Islamic Research
300 ## - PHYSICAL DESCRIPTION
Extent 894:p
650 ## - SUBJECT ADDED ENTRY--TOPICAL TERM
Topical term or geographic name entry element Al Quran
9 (RLIN) 104407
942 ## - ADDED ENTRY ELEMENTS (KOHA)
Source of classification or shelving scheme
Koha item type Book
Call number prefix 297.1227,ALL
Holdings
Withdrawn status Lost status Source of classification or shelving scheme Damaged status Not for loan Permanent Location Current Location Shelving location Date acquired Total Checkouts Full call number Barcode Checked out Date last seen Date last checked out Price effective from Koha item type Public note
          Military College of Signals (MCS) Military College of Signals (MCS) General Stacks 12/12/2016 1 297.1227,ALL MCS3010 09/29/2025 08/30/2025 08/30/2025 12/12/2016 Book Almirah No.48, Shelf No.2
          Military College of Signals (MCS) Military College of Signals (MCS) General Stacks 12/12/2016   297.1227,ALL MCS3011   12/08/2016   12/12/2016 Book Almirah No.28, Shelf No.2
          Military College of Signals (MCS) Military College of Signals (MCS) General Stacks 12/12/2016   297.1227,ALL MCS3012   12/08/2016   12/12/2016 Book Almirah No.28, Shelf No.2
          Military College of Signals (MCS) Military College of Signals (MCS) General Stacks 12/12/2016   297.1227,ALL MCS3013   12/08/2016   12/12/2016 Book Almirah No.48, Shelf No.2
          Military College of Signals (MCS) Military College of Signals (MCS) General Stacks 12/12/2016   297.1227,ALL MCS3014   12/08/2016   12/12/2016 Book Almirah No.48, Shelf No.2
          Military College of Signals (MCS) Military College of Signals (MCS) General Stacks 12/12/2016   297.1227,ALL MCS3015   12/08/2016   12/12/2016 Book Almirah No.48, Shelf No.2
          Military College of Signals (MCS) Military College of Signals (MCS) General Stacks 12/12/2016   297.1227,ALL MCS3016   12/08/2016   12/12/2016 Book Almirah No.48, Shelf No.2
          Military College of Signals (MCS) Military College of Signals (MCS) General Stacks 12/12/2016   297.1227,ALL MCS33584   12/08/2016   12/12/2016 Book Almirah No.48, Shelf No.2
          Military College of Signals (MCS) Military College of Signals (MCS) General Stacks 12/12/2016 1 297.1227,ALL MCS33585   07/21/2023 07/19/2023 12/12/2016 Book Almirah No.48, Shelf No.2
          Military College of Signals (MCS) Military College of Signals (MCS) General Stacks 12/12/2016   297.1227,ALL MCS33586   12/08/2016   12/12/2016 Book Almirah No.48, Shelf No.2
© 2023 Central Library, National University of Sciences and Technology. All Rights Reserved.